Normal view
MARC view
Entry Personal Name
001 - CONTROL NUMBER
- control field: 26406
003 - CONTROL NUMBER IDENTIFIER
- control field: dpl
005 - DATE AND TIME OF LATEST TRANSACTION
- control field: 20110304114111.0
008 - FIXED-LENGTH DATA ELEMENTS
- fixed length control field: 110304|||a|||||| | ||| d
040 ## - CATALOGING SOURCE
- Original cataloging agency: dpl
- Transcribing agency: dpl
100 ## - HEADING--PERSONAL NAME
- Personal name: सावन्त, शिवाजी
670 ## - SOURCE DATA FOUND
- Source citation: Work cat.: (dpl)49236: सावन्त, शिवाजी, य़ुगन्धर / , 2009
670 ## - SOURCE DATA FOUND
- Source citation: Work cat.: (dpl)49236: सावन्त, शिवाजी, य़ुगन्धर / , 2009
